[Event "46th World U20 ch"]
[Site "Yerevan ARM"]
[Date "2007.10.03"]
[Round "1.2"]
[White "Stellwagen, Daniel"]
[Black "Bregadze, Levan"]
[Result "1-0"]
[WhiteElo "2639"]
[BlackElo "2388"]
[EventDate "2007.10.03"]
[PlyCount "61"]

1.e4 c5 2.Nf3 d6 3.d4 cxd4 4.Nxd4 Nf6 5.Nc3 Nc6 6.Bc4 Qb6 7.Nxc6 bxc6 8.
O-O g6 9.Qe1 Bg7 10.e5 dxe5 11.Qxe5 Qb4 12.Qf4 Qb7 13.Qh4 O-O 14.Re1 Bf5 
15.Bb3 a5 16.Bg5 Qb4 17.Na4 Rfe8 18.f3 Nd5 19.c3 Qxh4 20.Bxh4 e5 21.Rad1 
Nf4 22.Nc5 a4 23.Bxa4 Nd3 24.Rxd3 Rxa4 25.Nxa4 Bxd3 26.Nc5 Bf5 27.a4 Ra8 
28.Ra1 Rb8 29.a5 Rxb2 30.a6 Bf8 31.Bf2 1-0

[Event "46th World U20 ch"]
[Site "Yerevan ARM"]
[Date "2007.10.03"]
[Round "1.4"]
[White "Laznicka, Viktor"]
[Black "Ter-Sahakyan, Samvel"]
[Result "1/2-1/2"]
[WhiteElo "2610"]
[BlackElo "2389"]
[EventDate "2007.10.03"]
[PlyCount "51"]

1.d4 d5 2.c4 c6 3.Nf3 Nf6 4.Qc2 g6 5.Bf4 Bg7 6.e3 O-O 7.Nc3 Be6 8.cxd5 
cxd5 9.Bd3 Nc6 10.a3 Nh5 11.Bg5 Bg4 12.Qb3 Bxf3 13.gxf3 h6 14.Bh4 g5 15.
Bg3 e5 16.O-O-O exd4 17.Nxd5 Ne7 18.Be4 Nxd5 19.Bxd5 Nxg3 20.hxg3 Qc7+ 21.
Kb1 dxe3 22.fxe3 Qxg3 23.Rdg1 Qf2 24.Rf1 Qd2 25.f4 Rad8 26.e4 1/2-1/2

[Event "46th World U20 ch"]
[Site "Yerevan ARM"]
[Date "2007.10.03"]
[Round "1.6"]
[White "Hairapetian, Hovik"]
[Black "Khairullin, Ildar"]
[Result "1-0"]
[WhiteElo "2374"]
[BlackElo "2567"]
[EventDate "2007.10.03"]
[PlyCount "108"]

1.d4 Nf6 2.Nf3 e6 3.c4 b6 4.g3 Ba6 5.b3 b5 6.Bg2 bxc4 7.Ne5 Bb4+ 8.Bd2 
cxb3 9.axb3 Bxd2+ 10.Qxd2 c6 11.Nc3 O-O 12.O-O Nd5 13.Ne4 Qe7 14.Nc5 Bxe2 
15.Qxe2 d6 16.Ncd7 Nxd7 17.Nxc6 Qf6 18.Bxd5 exd5 19.Rfe1 Qg5 20.h4 Qh6 21.
Rxa7 Rxa7 22.Nxa7 Nf6 23.b4 g5 24.hxg5 Qxg5 25.b5 Ne4 26.Nc6 Rc8 27.Qe3 
Qxe3 28.Rxe3 Kf8 29.Ra3 Nd2 30.Kg2 Nc4 31.Ra7 Kg7 32.Rb7 Ra8 33.Ne7 Na5 
34.Rc7 Rb8 35.Nf5+ Kf6 36.Nxd6 Ke6 37.Nxf7 Rxb5 38.Nd8+ Kf5 39.Rxh7 Ke4 
40.Ne6 Nb3 41.Rh4+ Kd3 42.Rf4 Rb6 43.Nc7 Kc4 44.g4 Nxd4 45.g5 Kc5 46.Kh3 
Rc6 47.Ne8 Ne6 48.Rf5 Kc4 49.g6 d4 50.g7 Nxg7 51.Nxg7 d3 52.Rf4+ Kc3 53.
Nf5 d2 54.Ne3 Kd3 1-0

[Event "46th World U20 ch"]
[Site "Yerevan ARM"]
[Date "2007.10.03"]
[Round "1.7"]
[White "Amin, Bassem"]
[Black "Benidze, Davit"]
[Result "1-0"]
[WhiteElo "2561"]
[BlackElo "2365"]
[EventDate "2007.10.03"]
[PlyCount "124"]

1.e4 c5 2.Nf3 d6 3.d3 Nc6 4.g3 g6 5.Bg2 Bg7 6.O-O e6 7.c3 Qb6 8.Nbd2 Nge7 
9.Re1 Bd7 10.a4 Qc7 11.Nc4 a6 12.a5 Rd8 13.Bf4 e5 14.Be3 Be6 15.b4 Nc8 16.
Qa4 cxb4 17.cxb4 O-O 18.b5 axb5 19.Qxb5 d5 20.Nb6 d4 21.Bd2 Nxb6 22.axb6 
Qe7 23.Ra7 Nxa7 24.bxa7 Qd7 25.Qa5 b5 26.Bb4 Rfe8 27.Rc1 Rc8 28.Rxc8 Qxc8 
29.Qxb5 Bd7 30.Qa5 Qb7 31.h4 Ra8 32.Bc5 Bc6 33.Bb6 Bf6 34.Nd2 Qd7 35.Nb3 
Bd8 36.Bxd8 Rxd8 37.Bh3 Qe7 38.Qb6 Ba8 39.Na5 Qd6 40.Nc4 Qxb6 41.Nxb6 Rd6 
42.Nxa8 Ra6 43.Nb6 Rxa7 44.Nc4 f6 45.f4 exf4 46.gxf4 Ra2 47.Nd6 f5 48.exf5
Ra3 49.fxg6 hxg6 50.Be6+ Kg7 51.Bc4 Kf6 52.Kg2 Ra1 53.Bd5 Re1 54.Be4 Re2+ 
55.Kg3 Re3+ 56.Kg4 Re1 57.Nb5 Rg1+ 58.Kh3 Rf1 59.Kg3 Rg1+ 60.Kh3 Rf1 61.
Nxd4 Rxf4 62.Nf3 Ke6 1-0

[Event "46th World U20 ch"]
[Site "Yerevan ARM"]
[Date "2007.10.03"]
[Round "1.8"]
[White "Nasri, Amin"]
[Black "Vovk, Yuriy"]
[Result "1-0"]
[WhiteElo "2364"]
[BlackElo "2561"]
[EventDate "2007.10.03"]
[PlyCount "125"]

1.d4 Nf6 2.c4 e6 3.Nc3 Bb4 4.Qc2 c5 5.dxc5 O-O 6.a3 Bxc5 7.Bf4 b6 8.Nf3 
Bb7 9.Rd1 Nc6 10.e4 Ne7 11.Be2 Ng6 12.Bg3 Nh5 13.Qd2 Bc6 14.b4 Nxg3 15.
hxg3 Be7 16.Nd4 a5 17.Qb2 Qb8 18.O-O Rc8 19.f4 axb4 20.axb4 e5 21.Nf5 Bf8 
22.Nd5 exf4 23.gxf4 Bxd5 24.exd5 Nxf4 25.d6 Nxe2+ 26.Qxe2 Re8 27.Qf3 Qd8 
28.Rde1 Rxe1 29.Rxe1 g6 30.Ne7+ Kh8 31.Qxf7 Bg7 32.Re4 Qf8 33.Nxg6+ hxg6 
34.Rh4+ Bh6 35.Qxg6 Qg7 36.Rxh6+ Kg8 37.Qxg7+ Kxg7 38.Rh4 Ra4 39.b5 Kf6 
40.Re4 Kf5 41.Re7 Rxc4 42.Rxd7 Rc5 43.Rf7+ Kg6 44.Rb7 Rxb5 45.d7 Rd5 46.
Rxb6+ Kf7 47.Rb7 Ke7 48.Kf2 Rd3 49.g3 Kd8 50.Kg2 Ke7 51.Kh3 Kf6 52.Kg4 Ke5
53.Ra7 Kf6 54.Kf4 Rd1 55.Rb7 Rd4+ 56.Ke3 Rd1 57.g4 Ke5 58.Ra7 Ke6 59.Ke4 
Kf6 60.g5+ Ke7 61.g6 Re1+ 62.Kd3 Rg1 63.g7 1-0

[Event "46th World U20 ch"]
[Site "Yerevan ARM"]
[Date "2007.10.03"]
[Round "1.9"]
[White "Meier, Georg"]
[Black "Kalashian, David"]
[Result "1-0"]
[WhiteElo "2558"]
[BlackElo "2361"]
[EventDate "2007.10.03"]
[PlyCount "97"]

1.e4 c5 2.Nf3 d6 3.Bb5+ Bd7 4.Bxd7+ Qxd7 5.c4 e5 6.Nc3 Nc6 7.d3 g6 8.a3 
Bg7 9.b4 Nge7 10.Qa4 Nd4 11.Rb1 Nxf3+ 12.gxf3 Nc6 13.Nd5 O-O 14.bxc5 Qh3 
15.Be3 Qxf3 16.Rg1 dxc5 17.Rxb7 Nd4 18.Bxd4 exd4 19.Rg3 Qh1+ 20.Ke2 Rab8 
21.Qxa7 Rxb7 22.Qxb7 Be5 23.Rf3 Qxh2 24.a4 g5 25.Qd7 Qh5 26.a5 Rb8 27.Nb6 
Bf4 28.Qf5 Bd6 29.Qd5 Qg6 30.Rf5 Bf4 31.Ke1 Bc1 32.Qe5 Rb7 33.Qxc5 Rb8 34.
Qe5 Rb7 35.Qc5 Rb8 36.Qc7 Re8 37.Qd7 Rb8 38.Qxd4 Qh5 39.c5 Bf4 40.Rxf4 
gxf4 41.Kd2 Qg5 42.a6 f3+ 43.Kc2 Qe7 44.Nd5 Qd8 45.c6 Rc8 46.Qc5 Kg7 47.c7
Qd7 48.Qc3+ Kg6 49.Nb6 1-0

[Event "46th World U20 ch"]
[Site "Yerevan ARM"]
[Date "2007.10.03"]
[Round "1.12"]
[White "Alaguzov, Maxat"]
[Black "Pashikian, Arman"]
[Result "0-1"]
[WhiteElo "2358"]
[BlackElo "2534"]
[EventDate "2007.10.03"]
[PlyCount "70"]

1.d4 Nf6 2.c4 e6 3.Nf3 d5 4.Nc3 Bb4 5.Bg5 O-O 6.e3 c5 7.Rc1 Nbd7 8.cxd5 
exd5 9.Be2 c4 10.Nd2 Qa5 11.Qc2 Re8 12.O-O b5 13.Rfe1 Bb7 14.Bf1 Re6 15.g3
h6 16.Bxf6 Nxf6 17.Bg2 Rae8 18.a3 Bf8 19.Nf3 Ne4 20.Nxe4 dxe4 21.Ne5 Bd6 
22.Bxe4 Bxe4 23.Qxe4 f6 24.f4 fxe5 25.dxe5 Qb6 26.Qd5 Bc5 27.Rcd1 Bxe3+ 
28.Kg2 Kh8 29.Kf3 Bc5 30.f5 Rf8 31.Ke4 Ree8 32.e6 Rd8 33.Qe5 Qc6+ 34.Rd5 
Be7 35.Rd1 Bf6 0-1

[Event "46th World U20 ch"]
[Site "Yerevan ARM"]
[Date "2007.10.03"]
[Round "1.14"]
[White "Fusco, Leonardo"]
[Black "Ragger, Markus"]
[Result "1/2-1/2"]
[WhiteElo "2341"]
[BlackElo "2528"]
[EventDate "2007.10.03"]
[PlyCount "119"]

1.e4 e5 2.Nf3 Nc6 3.Bb5 a6 4.Ba4 Nf6 5.O-O b5 6.Bb3 Bc5 7.c3 d6 8.d4 Bb6 
9.Be3 O-O 10.Nbd2 h6 11.a4 Rb8 12.axb5 axb5 13.h3 Re8 14.Re1 Bb7 15.d5 
Bxe3 16.Rxe3 Ne7 17.Nf1 Ng6 18.Ra7 Qc8 19.Ng3 Ra8 20.Qa1 Rxa7 21.Qxa7 Qa8 
22.Qxa8 Rxa8 23.Re1 Nd7 24.Ne2 Ne7 25.Nd2 Nc5 26.Bc2 Ra2 27.Rb1 Na4 28.c4 
Rxb2 29.Rxb2 Nxb2 30.cxb5 Bc8 31.Nc3 Bd7 32.Ndb1 Nc8 33.Na3 Nb6 34.Kf1 
N2c4 35.Nxc4 Nxc4 36.Ke2 Kf8 37.Kd1 Na5 38.Kc1 g6 39.Kb2 Nb7 40.Kb3 Ke7 
41.Kb4 f5 42.Na4 Kf6 43.h4 f4 44.Bd3 g5 45.hxg5+ Kxg5 46.Kc3 h5 47.Kd2 h4 
48.f3 Kf6 49.Bf1 Kg5 50.Ke1 Na5 51.Kf2 Kf6 52.b6 Bxa4 53.bxc7 Bd7 54.Ba6 
h3 55.gxh3 Bxh3 56.c8=Q Bxc8 57.Bxc8 Ke7 58.Kg2 Kf6 59.Kh3 Ke7 60.Bd7 
1/2-1/2

[Event "46th World U20 ch"]
[Site "Yerevan ARM"]
[Date "2007.10.03"]
[Round "1.15"]
[White "Hambardzumian, Yuri"]
[Black "Howell, David"]
[Result "0-1"]
[WhiteElo "2387"]
[BlackElo "2527"]
[EventDate "2007.10.03"]
[PlyCount "72"]

1.e4 e5 2.Nf3 Nc6 3.Bc4 Bc5 4.c3 Nf6 5.d4 exd4 6.e5 d5 7.Bb5 Ne4 8.cxd4 
Bb6 9.O-O O-O 10.Be3 Bg4 11.h3 Bxf3 12.gxf3 Ng5 13.Bxc6 bxc6 14.f4 Ne6 15.
f5 Nxd4 16.Bxd4 Qg5+ 17.Kh1 Qxf5 18.Bxb6 Qxh3+ 19.Kg1 axb6 20.Re1 Rfe8 21.
Re3 Qf5 22.Nd2 Rxe5 23.Rxe5 Qxe5 24.Qc2 c5 25.Nf3 Qh5 26.Qe2 h6 27.a3 Qg4+
28.Kf1 Qh3+ 29.Kg1 Qg4+ 30.Kf1 Rd8 31.Re1 Rd6 32.Qe8+ Kh7 33.Ne5 Qh3+ 34.
Kg1 Rf6 35.Qd7 Rf5 36.Nxf7 Qg4+ 0-1

[Event "46th World U20 ch"]
[Site "Yerevan ARM"]
[Date "2007.10.03"]
[Round "1.16"]
[White "Gopal, Geetha Narayanan"]
[Black "Pancevski, Filip"]
[Result "1-0"]
[WhiteElo "2520"]
[BlackElo "2340"]
[EventDate "2007.10.03"]
[PlyCount "139"]

1.e4 e5 2.Nf3 Nc6 3.Bb5 a6 4.Ba4 Nf6 5.O-O Be7 6.Re1 b5 7.Bb3 d6 8.c3 O-O 
9.h3 Nb8 10.d4 Nbd7 11.Nbd2 Bb7 12.Bc2 Re8 13.Nf1 Bf8 14.Ng3 g6 15.a4 Bg7 
16.Bd3 c6 17.Bg5 Qc7 18.Qd2 Nf8 19.b4 N6d7 20.Red1 Nb6 21.a5 Nbd7 22.Rac1 
d5 23.exd5 cxd5 24.dxe5 Nxe5 25.Nxe5 Bxe5 26.Ne2 Ne6 27.Be3 Qe7 28.Nd4 Qf6
29.Bf1 Rac8 30.g3 Rc7 31.h4 Rec8 32.Bh3 Rc4 33.Bg5 Nxg5 34.hxg5 Qd6 35.
Bxc8 Rxc8 36.Re1 Bg7 37.Re2 Bc6 38.Rce1 Bd7 39.Kg2 Qc7 40.Re3 h6 41.f4 Qd6
42.gxh6 Bxh6 43.Rd3 Bg7 44.Kf2 Rd8 45.Nf3 Bf5 46.Rxd5 Qxd5 47.Re8+ Rxe8 
48.Qxd5 Bxc3 49.Ng5 Be6 50.Nxe6 Rxe6 51.Qc5 Bg7 52.g4 Bf8 53.Qc8 Kg7 54.
Qc3+ Kg8 55.Kf3 Rd6 56.Ke4 Re6+ 57.Kf3 Rd6 58.f5 gxf5 59.gxf5 Bg7 60.Qc8+ 
Kh7 61.Qc7 Rf6 62.Kg4 Bh6 63.Qe7 Kg7 64.Qe5 Bd2 65.Qd4 Bc1 66.Kh5 Be3 67.
Qxe3 Rxf5+ 68.Kg4 Rf6 69.Qe5 Kg6 70.Qg5+ 1-0

[Event "46th World U20 ch"]
[Site "Yerevan ARM"]
[Date "2007.10.03"]
[Round "1.17"]
[White "Vovk, Ilja"]
[Black "Romanov, Evgeny"]
[Result "0-1"]
[WhiteElo "2325"]
[BlackElo "2515"]
[EventDate "2007.10.03"]
[PlyCount "86"]

1.e4 e5 2.Nf3 Nc6 3.Nc3 Nf6 4.d4 exd4 5.Nxd4 Bb4 6.Nxc6 bxc6 7.Bd3 d5 8.
exd5 cxd5 9.O-O O-O 10.Bg5 c6 11.Qf3 Be7 12.Rfe1 Re8 13.h3 h6 14.Bf4 Bd6 
15.Rxe8+ Nxe8 16.Re1 Nf6 17.Qe3 Bf8 18.Be5 Nd7 19.Bg3 Nc5 20.Be2 Bf5 21.
Qd2 Qb6 22.Bf3 Ne6 23.Be5 Qxb2 24.Nxd5 Qxc2 25.Qxc2 Bxc2 26.Ne3 Ba4 27.Rb1
Re8 28.Nc4 Ng5 29.Bf4 Nxf3+ 30.gxf3 c5 31.Rb7 Bc6 32.Rxa7 Bxf3 33.Be3 Re6 
34.Rc7 Rg6+ 35.Kf1 Bg2+ 36.Ke2 Ra6 37.a3 Bxh3 38.Bxc5 Be6 39.Bb4 Bxb4 40.
axb4 Ra4 41.Ne3 Rxb4 42.Kf3 g5 43.Kg3 Kg7 0-1

[Event "46th World U20 ch"]
[Site "Yerevan ARM"]
[Date "2007.10.03"]
[Round "1.19"]
[White "Molner, Mackenzie"]
[Black "Corrales Jimenez, Fidel"]
[Result "1-0"]
[WhiteElo "2308"]
[BlackElo "2513"]
[EventDate "2007.10.03"]
[PlyCount "61"]

1.e4 c5 2.Nf3 d6 3.d4 cxd4 4.Nxd4 Nf6 5.Nc3 a6 6.Bg5 e6 7.f4 h6 8.Bh4 Be7 
9.Qf3 Nbd7 10.O-O-O Qc7 11.Be2 b5 12.Bxf6 Nxf6 13.e5 Bb7 14.Qg3 dxe5 15.
fxe5 Nd7 16.Nxe6 fxe6 17.Bh5+ Kd8 18.Qxg7 Rf8 19.Bg4 Bxg2 20.Rhg1 Bf3 21.
Bxf3 Rxf3 22.Qg2 Bg5+ 23.Kb1 Rxc3 24.Qxa8+ Qc8 25.Qa7 Rc7 26.Qb6 Qb7 27.
Qxe6 Rc6 28.Qg8+ Kc7 29.Qf7 Kc8 30.e6 Nc5 31.Rxg5 1-0

[Event "46th World U20 ch"]
[Site "Yerevan ARM"]
[Date "2007.10.03"]
[Round "1.20"]
[White "Feller, Sebastien"]
[Black "Hovhannisian, Robert"]
[Result "1-0"]
[WhiteElo "2513"]
[BlackElo "2273"]
[EventDate "2007.10.03"]
[PlyCount "89"]

1.d4 d5 2.c4 c6 3.Nc3 Nf6 4.Nf3 e6 5.Bg5 h6 6.Bh4 dxc4 7.e4 g5 8.Bg3 b5 9.
Be2 Bb7 10.O-O Nbd7 11.Ne5 Bg7 12.Nxd7 Nxd7 13.Bd6 Qb6 14.e5 Bf8 15.Ne4 
O-O-O 16.a4 a6 17.b3 cxb3 18.Qxb3 Qxd4 19.axb5 axb5 20.Bxb5 Nb8 21.Bd3 
Bxd6 22.Nxd6+ Rxd6 23.exd6 Rd8 24.Rfd1 Rxd6 25.Ba6 Nxa6 26.Rxd4 Rxd4 27.
Rb1 Rb4 28.Qc2 Rxb1+ 29.Qxb1 c5 30.Qh7 c4 31.Qxh6 Bd5 32.Qxg5 Nb4 33.Qd2 
Nd3 34.h4 Kd7 35.h5 Ke7 36.Qg5+ Kd6 37.h6 Be4 38.Qh4 Kd5 39.h7 Bxh7 40.
Qxh7 Kd4 41.Qxf7 c3 42.Qc7 Nc5 43.Qf4+ Kd3 44.Qe3+ Kc4 45.g4 1-0

[Event "46th World U20 ch"]
[Site "Yerevan ARM"]
[Date "2007.10.03"]
[Round "1.21"]
[White "Kulakov, Viacheslav"]
[Black "Adly, Ahmed"]
[Result "1-0"]
[WhiteElo "2261"]
[BlackElo "2494"]
[EventDate "2007.10.03"]
[PlyCount "143"]

1.d4 d5 2.Nf3 c5 3.c4 e6 4.e3 Nf6 5.Nc3 Nc6 6.a3 a6 7.dxc5 Bxc5 8.b4 Bd6 
9.Bb2 O-O 10.Qc2 Qe7 11.Bd3 dxc4 12.Bxc4 b5 13.Bd3 Bb7 14.O-O Rac8 15.Rac1
Ne5 16.Nxe5 Bxe5 17.Qe2 Rc6 18.f4 Bb8 19.e4 e5 20.Nd5 Nxd5 21.exd5 Rh6 22.
h3 Bxd5 23.Bxe5 Bxe5 24.Qxe5 Qxe5 25.fxe5 Re6 26.Rc5 Bb7 27.Bf5 Re7 28.Rd1
g6 29.Rd7 Rfe8 30.Rcc7 Kf8 31.Rxb7 gxf5 32.Rxe7 Rxe7 33.Rb6 Rxe5 34.Rxa6 
Kg7 35.Kf2 f6 36.Ra5 Kg6 37.Kf3 Kg5 38.g3 Rd5 39.Ke3 Re5+ 40.Kf3 Rd5 41.
h4+ Kg6 42.a4 Rd3+ 43.Ke2 Rxg3 44.Rxb5 Ra3 45.a5 h5 46.Rb6 f4 47.a6 Re3+ 
48.Kf2 Ra3 49.b5 Kf5 50.Rd6 Ra5 51.Rd2 Rxb5 52.Ra2 Rb8 53.a7 Ra8 54.Kf3 
Ke5 55.Ra6 Kd5 56.Kxf4 Kc5 57.Kf5 Kb5 58.Ra1 Kb6 59.Kxf6 Kb7 60.Kg7 Kb6 
61.Kg6 Kb7 62.Kxh5 Rh8+ 63.Kg6 Ka8 64.h5 Rg8+ 65.Kh7 Rg5 66.h6 Rc5 67.Ra6 
Rg5 68.Rg6 Rc5 69.Kh8 Rc7 70.Rg8+ Kxa7 71.Rg7 Ka8 72.Rxc7 1-0

[Event "46th World U20 ch"]
[Site "Yerevan ARM"]
[Date "2007.10.03"]
[Round "1.22"]
[White "Deepan Chakravarthy, Jeyakumar"]
[Black "Mamikonian, Tigran"]
[Result "0-1"]
[WhiteElo "2492"]
[BlackElo "2257"]
[EventDate "2007.10.03"]
[PlyCount "92"]

1.e4 e5 2.Nf3 Nc6 3.a3 g6 4.Bc4 Bg7 5.d3 Nge7 6.Nc3 d6 7.Ng5 O-O 8.h4 h5 
9.Qf3 Qe8 10.Nb5 Bg4 11.Qg3 Rc8 12.f3 Bd7 13.Be3 d5 14.Bxd5 Nxd5 15.exd5 
Nd4 16.Nc3 Nxc2+ 17.Kd2 Nxa1 18.Rxa1 Qe7 19.Nge4 b6 20.Re1 c6 21.d6 Qe6 
22.Kc2 f5 23.Ng5 Qxd6 24.f4 Rce8 25.Nf3 e4 26.dxe4 fxe4 27.Rd1 Qe7 28.Ne5 
Bxe5 29.fxe5 Bg4 30.Rd6 Qxe5 31.Rxg6+ Kf7 32.Bf4 Qf5 33.Rg5 Qd7 34.Bd6 Re6
35.Nxe4 Ke8 36.Re5 Rf1 37.Ng5 Rxe5 38.Qxe5+ Kd8 39.Kc3 Kc8 40.Ne4 Rc1+ 41.
Kd2 Rd1+ 42.Kc2 Kb7 43.Kc3 Rd5 44.Qf4 Bf5 45.Bf8 Rd3+ 46.Kc2 Rd4 0-1

[Event "46th World U20 ch"]
[Site "Yerevan ARM"]
[Date "2007.10.03"]
[Round "1.23"]
[White "Galic, Ivan"]
[Black "Banusz, Tamas"]
[Result "1/2-1/2"]
[WhiteElo "2255"]
[BlackElo "2491"]
[EventDate "2007.10.03"]
[PlyCount "159"]

1.c4 e6 2.Nc3 d5 3.d4 c6 4.cxd5 exd5 5.Nf3 Nf6 6.Bg5 h6 7.Bxf6 Qxf6 8.e3 
Bd6 9.Qc2 O-O 10.Bd3 Bg4 11.Nd2 Re8 12.O-O Qh4 13.g3 Qh5 14.Rfe1 Nd7 15.
Rab1 Nf8 16.b4 Ne6 17.b5 Ng5 18.h4 Ne6 19.bxc6 bxc6 20.Kg2 Nf8 21.Be2 Ng6 
22.Qd1 Bxe2 23.Qxe2 Qf5 24.Rec1 Ba3 25.Rd1 a5 26.Nf3 Qg4 27.Qd3 Bd6 28.Rb6
Re6 29.Ne2 Rf6 30.Neg1 Re8 31.Rd2 Re7 32.Rc2 Rc7 33.Ra6 Rb7 34.Raxc6 Ne7 
35.Ra6 Rg6 36.Ra8+ Rb8 37.Rxb8+ Bxb8 38.Qb5 Bd6 39.Qe8+ Kh7 40.Qxf7 Nf5 
41.Re2 Qe4 42.h5 Nh4+ 43.Kf1 Rf6 44.Qxf6 gxf6 45.Nxh4 Qd3 46.Kg2 Bb4 47.
Ng6 a4 48.Nf4 Qc4 49.Nf3 a3 50.Nh4 Bd6 51.Nhg6 Kg8 52.Kf3 Qc1 53.Kg2 Qc4 
54.Kh2 Kf7 55.Kg2 Ke8 56.Kf3 Qc1 57.Kg4 Qb1 58.e4 dxe4 59.f3 e3 60.Rxe3+ 
Kd7 61.Re2 f5+ 62.Kh3 Qh1+ 63.Rh2 Qf1+ 64.Rg2 Bxf4 65.Nxf4 Qh1+ 66.Rh2 
Qxf3 67.Rg2 Qd1 68.d5 Kd6 69.Kh2 Kc5 70.Re2 Kc4 71.Rg2 Kc5 72.Rf2 Kd6 73.
Re2 Kd7 74.Rg2 Ke7 75.Re2+ Kf7 76.Kg2 Qd4 77.Kh2 Qb2 78.Kg2 Kf6 79.Kh2 Qb1
80.Kg2 1/2-1/2

[Event "46th World U20 ch"]
[Site "Yerevan ARM"]
[Date "2007.10.03"]
[Round "1.24"]
[White "Rohit, Gogineni"]
[Black "Momeni, Ebrahim"]
[Result "1-0"]
[WhiteElo "2491"]
[BlackElo "2249"]
[EventDate "2007.10.03"]
[PlyCount "79"]

1.e4 c5 2.Nf3 d6 3.Bc4 Nf6 4.d3 Nc6 5.O-O Bg4 6.c3 e6 7.h3 Bxf3 8.Qxf3 a6 
9.Bb3 g6 10.Bg5 Be7 11.Nd2 O-O 12.Nc4 b5 13.Ne3 Re8 14.Rad1 Ne5 15.Qe2 Nh5
16.Bxe7 Qxe7 17.g3 Qg5 18.Kh2 Rad8 19.d4 Nd7 20.a4 c4 21.Bc2 f5 22.h4 Qh6 
23.f4 e5 24.dxe5 dxe5 25.Ng2 exf4 26.Nxf4 Nhf6 27.Rd6 g5 28.Nd5 gxh4 29.
Rxf5 hxg3+ 30.Kg1 Qh2+ 31.Qxh2 gxh2+ 32.Kxh2 Ng4+ 33.Kg3 Nde5 34.Rxa6 bxa4
35.Bd1 Rxd5 36.exd5 Ne3 37.Rg5+ Kh8 38.Bh5 Rg8 39.Rxg8+ Kxg8 40.Kf4 1-0

[Event "46th World U20 ch"]
[Site "Yerevan ARM"]
[Date "2007.10.03"]
[Round "1.26"]
[White "Brandenburg, Daan"]
[Black "Vandenbussche, Thibaut"]
[Result "1/2-1/2"]
[WhiteElo "2483"]
[BlackElo "2205"]
[EventDate "2007.10.03"]
[PlyCount "98"]

1.e4 e6 2.d4 d5 3.Nd2 dxe4 4.Nxe4 Nf6 5.Bd3 Qd5 6.Nxf6+ gxf6 7.Nf3 Nc6 8.
O-O Rg8 9.Re1 Bd6 10.Re4 Nb4 11.Rh4 Nxd3 12.Qxd3 b5 13.Ne1 Bb7 14.f3 Ke7 
15.Be3 Rg6 16.a4 Rag8 17.Bf2 a6 18.axb5 axb5 19.Rxh7 Qc4 20.Qxc4 bxc4 21.
Be3 Bd5 22.c3 Rb8 23.Bc1 Rgg8 24.Kf2 Ra8 25.Rxa8 Rxa8 26.Nc2 c5 27.dxc5 
Bxc5+ 28.Ke2 e5 29.Rh4 Rg8 30.g3 Ra8 31.Be3 Bd6 32.Bd2 Ra2 33.Ne3 Ke6 34.
Nxc4 Bxc4+ 35.Rxc4 Rxb2 36.Ra4 Rb1 37.Ra6 Rh1 38.h4 Ke7 39.c4 Rh2+ 40.Ke1 
Rg2 41.Be3 Bb4+ 42.Kf1 Rxg3 43.Kf2 Rh3 44.Ra4 Bc3 45.c5 Rh1 46.Kg2 Re1 47.
Bf2 Rc1 48.h5 Bd2 49.Ra6 Bg5 1/2-1/2

[Event "46th World U20 ch"]
[Site "Yerevan ARM"]
[Date "2007.10.03"]
[Round "1.28"]
[White "Sanikidze, Tornike"]
[Black "Ter-Karapetian, Alexi"]
[Result "1-0"]
[WhiteElo "2455"]
[BlackElo "2187"]
[EventDate "2007.10.03"]
[PlyCount "63"]

1.d4 d5 2.Nf3 Nf6 3.c4 c6 4.Qb3 dxc4 5.Qxc4 Bf5 6.Nc3 e6 7.g3 Nbd7 8.Bg2 
Be7 9.Qb3 Qb6 10.Nd2 O-O 11.Nc4 Qa6 12.e4 Bg6 13.Bg5 Rfe8 14.e5 b5 15.Ne3 
Nd5 16.Nexd5 exd5 17.Bxe7 Rxe7 18.O-O Rae8 19.a4 bxa4 20.Rxa4 Qb6 21.Rb4 
Qa5 22.Ra4 Qb6 23.Qa3 Bc2 24.Rb4 Qc7 25.Ra1 Nb6 26.Rc1 Nc4 27.Rxc4 dxc4 
28.Rxc2 Rd7 29.Qc5 Red8 30.Ne2 Qb6 31.Qxb6 axb6 32.Bxc6 1-0

[Event "46th World U20 ch"]
[Site "Yerevan ARM"]
[Date "2007.10.03"]
[Round "1.29"]
[White "Zvarik, Martin"]
[Black "Gupta, Abhijeet"]
[Result "0-1"]
[WhiteElo "2187"]
[BlackElo "2470"]
[EventDate "2007.10.03"]
[PlyCount "56"]

1.e4 c5 2.Nf3 d6 3.d4 cxd4 4.Nxd4 Nf6 5.Nc3 Nc6 6.Bb5 Bd7 7.O-O g6 8.Be3 
Bg7 9.f3 O-O 10.Qd2 Rc8 11.Nce2 Nxd4 12.Nxd4 e5 13.Bxd7 exd4 14.Bxc8 dxe3 
15.Qxe3 Qxc8 16.Qxa7 Qxc2 17.Qxb7 Nh5 18.Qb6 Nf4 19.Rf2 Qd3 20.Kh1 Bd4 21.
Qxd6 Bxf2 22.Qxf4 Rd8 23.Qc1 Qe2 24.h3 Rd2 25.Qf1 Qxf1+ 26.Rxf1 Rxb2 27.
Ra1 Bd4 28.a4 Be5 0-1

[Event "46th World U20 ch"]
[Site "Yerevan ARM"]
[Date "2007.10.04"]
[Round "2.2"]
[White "Grigorian, Avetik"]
[Black "Stellwagen, Daniel"]
[Result "1/2-1/2"]
[WhiteElo "2489"]
[BlackElo "2639"]
[EventDate "2007.10.03"]
[PlyCount "59"]

1.d4 d5 2.c4 c6 3.Nf3 Nf6 4.e3 Bf5 5.Nc3 e6 6.Nh4 Bg6 7.Nxg6 hxg6 8.g3 
Nbd7 9.Qe2 Bb4 10.Bd2 Nb6 11.b3 dxc4 12.bxc4 c5 13.dxc5 Bxc3 14.Bxc3 Na4 
15.Bd4 Nxc5 16.Bg2 Qa5+ 17.Qd2 Nd3+ 18.Ke2 Qxd2+ 19.Kxd2 Nxf2 20.Rhf1 
N2e4+ 21.Kd3 e5 22.Bxe4 Nxe4 23.Kxe4 exd4 24.exd4 Rxh2 25.Rh1 Rxh1 26.Rxh1
Kd7 27.Rh7 Ke7 28.d5 b6 29.Ke5 Rg8 30.a4 1/2-1/2

[Event "46th World U20 ch"]
[Site "Yerevan ARM"]
[Date "2007.10.04"]
[Round "2.5"]
[White "Kaplan, Sasha"]
[Black "Amin, Bassem"]
[Result "1-0"]
[WhiteElo "2466"]
[BlackElo "2561"]
[EventDate "2007.10.03"]
[PlyCount "77"]

1.e4 e5 2.Nf3 Nc6 3.Bb5 a6 4.Ba4 Nf6 5.O-O Be7 6.Re1 b5 7.Bb3 d6 8.c3 O-O 
9.h3 Nb8 10.d4 Nbd7 11.Nbd2 Bb7 12.Bc2 Re8 13.b3 c6 14.Bb2 Bf8 15.a4 g6 
16.b4 Nb6 17.a5 Nbd7 18.Bb3 exd4 19.cxd4 c5 20.dxc5 dxc5 21.Ng5 c4 22.Nxc4
bxc4 23.Bxc4 Bxb4 24.Nxf7 Qc7 25.Ne5+ Kf8 26.Nxd7+ Nxd7 27.Qf3+ Ke7 28.
Qf7+ Kd8 29.Red1 Rf8 30.Qxh7 Bc5 31.Be6 Bc6 32.Rac1 Rxf2 33.Kh1 Rxg2 34.
Qg8+ Ke7 35.Qf7+ Kd8 36.Kxg2 Bxe4+ 37.Kf1 Bg2+ 38.Kxg2 Qb7+ 39.Kg3 1-0

[Event "46th World U20 ch"]
[Site "Yerevan ARM"]
[Date "2007.10.04"]
[Round "2.6"]
[White "Margvelashvili, Giorgi"]
[Black "Meier, Georg"]
[Result "1/2-1/2"]
[WhiteElo "2451"]
[BlackElo "2558"]
[EventDate "2007.10.03"]
[PlyCount "28"]

1.Nf3 Nf6 2.c4 c5 3.g3 b6 4.Bg2 Bb7 5.Nc3 e6 6.O-O Be7 7.d4 cxd4 8.Qxd4 d6
9.Bg5 a6 10.Bxf6 Bxf6 11.Qf4 O-O 12.Rfd1 Be7 13.Ne4 Bxe4 14.Qxe4 Ra7 
1/2-1/2

[Event "46th World U20 ch"]
[Site "Yerevan ARM"]
[Date "2007.10.04"]
[Round "2.7"]
[White "Andreikin, Dmitry"]
[Black "Jojua, Davit"]
[Result "1/2-1/2"]
[WhiteElo "2555"]
[BlackElo "2434"]
[EventDate "2007.10.03"]
[PlyCount "62"]

1.Nf3 Nf6 2.c4 g6 3.Nc3 Bg7 4.e4 d6 5.d4 O-O 6.h3 Nbd7 7.e5 Ne8 8.Be2 c6 
9.O-O dxe5 10.dxe5 Nc7 11.Bf4 Ne6 12.Bh2 Qc7 13.Kh1 Nxe5 14.Qc1 f5 15.Nxe5
Bxe5 16.Bxe5 Qxe5 17.f4 Qd4 18.g3 Ng7 19.Rd1 Qc5 20.Qd2 e5 21.fxe5 Qxe5 
22.Qd6 Qxd6 23.Rxd6 Be6 24.Rad1 Rae8 25.b4 f4 26.g4 f3 27.Bf1 h5 28.R1d4 
hxg4 29.hxg4 Re7 30.Re4 Rfe8 31.Kg1 Bc8 1/2-1/2

[Event "46th World U20 ch"]
[Site "Yerevan ARM"]
[Date "2007.10.04"]
[Round "2.15"]
[White "Mamikonian, Tigran"]
[Black "Feller, Sebastien"]
[Result "1-0"]
[WhiteElo "2257"]
[BlackElo "2513"]
[EventDate "2007.10.03"]
[PlyCount "175"]

1.e4 c5 2.Nf3 d6 3.d4 Nf6 4.Nc3 cxd4 5.Nxd4 a6 6.Bc4 e6 7.O-O Be7 8.f4 Nc6
9.Bb3 O-O 10.Be3 Qc7 11.f5 Nxd4 12.Bxd4 b5 13.a3 Rb8 14.Qd3 e5 15.Bf2 Bb7 
16.Bh4 Ng4 17.h3 Bxh4 18.hxg4 a5 19.Kh2 Qc5 20.Rad1 b4 21.axb4 axb4 22.Nd5
Bg5 23.Qh3 h6 24.Qh5 Kh7 25.Rd3 f6 26.Ra1 Ra8 27.Rxa8 Bxa8 28.Qh3 Qf2 29.
Qg3 Qf1 30.Qf3 Qe1 31.Rd1 Qh4+ 32.Qh3 Qf2 33.Qg3 Qc5 34.Qf3 Bxd5 35.Rxd5 
Qb6 36.Rd1 Rc8 37.g3 Ra8 38.Kg2 Be3 39.Re1 Bd2 40.Rd1 Be3 41.Qe2 Rc8 42.
Rd5 Bc1 43.Qd3 Qe3 44.Qxe3 Bxe3 45.Rb5 Bc5 46.Rb7 Ra8 47.Bf7 h5 48.g5 fxg5
49.Bxh5 Kh6 50.g4 Kh7 51.Bf7 Kh6 52.Bg6 Rc8 53.Kf3 Ra8 54.Ke2 Rd8 55.Rb5 
Ra8 56.Kd3 Rc8 57.Ra5 Bd4 58.Ra1 Bf2 59.Ra6 Bd4 60.Ra2 Bf2 61.Ra4 Bc5 62.
Kc4 Rb8 63.Ra1 Bf2 64.Kd5 Rd8 65.Ra6 Bd4 66.Ra1 Bf2 67.Ke6 Bg3 68.Ke7 Rb8 
69.Kxd6 Rd8+ 70.Kc5 Rb8 71.Kc4 Bf2 72.Kb3 Bg3 73.Ra5 Bf4 74.Rd5 Bg3 75.Rd3
Bf2 76.Kc4 Be1 77.Rh3+ Bh4 78.Kd5 Rb5+ 79.Kc4 Rb8 80.Kb3 Rb6 81.Rd3 Rb8 
82.Rd6 Bf2 83.Rc6 Bh4 84.Rc5 Bg3 85.Kc4 Bf4 86.Rb5 Rc8+ 87.Kb3 Bc1 88.Bh5 
1-0

[Event "46th World U20 ch"]
[Site "Yerevan ARM"]
[Date "2007.10.04"]
[Round "2.16"]
[White "Shamieh, Mahmoud"]
[Black "Rohit, Gogineni"]
[Result "0-1"]
[WhiteElo "2203"]
[BlackElo "2491"]
[EventDate "2007.10.03"]
[PlyCount "82"]

1.Nf3 Nf6 2.c4 e6 3.Nc3 Bb4 4.d3 O-O 5.g3 d5 6.cxd5 exd5 7.a3 Be7 8.Bg2 d4
9.Nb1 c5 10.O-O Nc6 11.Bg5 Be6 12.Bxf6 Bxf6 13.Nbd2 Rc8 14.Qa4 Be7 15.Rfb1
Rb8 16.Qc2 Qb6 17.b3 Rbc8 18.Qb2 Rfe8 19.Ne1 Bf8 20.Ne4 h6 21.Kf1 f5 22.
Nd2 Qd8 23.b4 b6 24.bxc5 bxc5 25.Qb7 Rc7 26.Qa6 Ne5 27.Nef3 Bd5 28.Rc1 Ng4
29.h3 Nf6 30.Nc4 Re6 31.Qa5 Kh7 32.Nh4 Bxg2+ 33.Nxg2 Nd5 34.Rc2 Qc8 35.Nb2
Nc3 36.Rxc3 dxc3 37.Qxc3 Be7 38.Qc2 Bf6 39.Rc1 Rce7 40.Nf4 Qb7 41.f3 Rxe2 
0-1